| 000 | 01238nam0a22002531 4500 | ||
|---|---|---|---|
| 001 | rc\1128124 | ||
| 005 | 20041126174550.9 | ||
| 035 | _a(NLR Aleph) 006370094 | ||
| 090 |
_a4987859 _c4987859 |
||
| 100 | _a20041126d1981 u |0rusy50 ca | ||
| 101 | 0 | _arus | |
| 102 | _aRU | ||
| 105 | _ay ||||||||| | ||
| 200 | 1 |
_aЯрко, творчески, убедительно! _e(Метод. рекомендации культ.-просвет. учреждениям по пропаганде решений XXVI съезда КПСС) _fВсесоюз. науч.-метод. центр нар. творчества и культ.-просвет. работы _g[Составитель В.С. Дорофеева] |
|
| 210 |
_aМ. _cБ. и. _d1981 (вып. дан. 1982) |
||
| 215 |
_a64 с. _d20 |
||
| 225 | 1 | _aРешения XXVI съезда КПСС - в жизнь! | |
| 702 | 1 |
_aДорофеева _bВ. С. _4220 |
|
| 712 | 0 | 2 |
_aВсесоюзный научно-методический центр народного творчества и культурно-просветительной работы _3RU\NLR\AUTH\889928937 |
| 801 | 0 |
_aRU _bNLR _gpsbo |
|
| 801 | 1 |
_aRU _bELAR _2rusmarc |
|
| 852 |
_aNLR _j82-4/22434 |
||
| 942 | _cBOOK | ||
| 980 | _aNB | ||